00307nam a2200085Ia 4500008004100000245006700041260000900108300008000117650002400197180130s9999 xx 000 0 und d cNoel, XavieraAlcoholism: an impulsive/disinhibition disorder? c2015 aBook title: Modern clinical psychology--Acession number C20492; pages 23-42 aCLINICAL PSYCHOLOGY